Metalwork from the Hellenized East : catalogue of the collections

Αποθηκεύτηκε σε:
Λεπτομέρειες βιβλιογραφικής εγγραφής
Κύριος συγγραφέας: Pfrommer, Michael
Μορφή: Βιβλίο
Γλώσσα:English
Δημοσίευση: Malibu, California : J.Paul Getty Museum, 1993.
Θέματα:
Ετικέτες: Προσθήκη ετικέτας
Δεν υπάρχουν, Καταχωρήστε ετικέτα πρώτοι!

MARC

LEADER 00000cam a2200000 i 4500
001 1/565
008 000405s1993 cau| ||| |||| ||eng||
020 |a 0892362189 
035 |l 10059706 
040 |a GR-MyUa  |b gre  |e AACR2 
041 0 |a eng 
082 7 |a 730.0938074   |2 (22) 
100 1 |a Pfrommer, Michael. 
245 1 0 |a Metalwork from the Hellenized East :   |b catalogue of the collections /   |c Michael Pfrommer. 
260 |a Malibu, California :   |b J.Paul Getty Museum,   |c 1993. 
300 |a 244 σ. ;   |c 32 εκ. 
650 0 0 |a Art metal-work, Hellenistic  |x Catalogs. 
650 0 0 |a Art metal-work  |z California  |z Malibu  |x Catalogs. 
610 2 0 |a J. Paul Getty Museum  |x Catalogs. 
852 |a INST  |b RHODES  |e 20000405  |h 730.0938074 PFR  |p 005400013675  |q 005400013675  |t REF  |y 23 
901 |a BIBL4-2000-1 
922 |a 4ΔΩΡ  |b 200003  |c ΔΩΡΕΑ/ΜΣ 
970 |a ΚΟΥΛΑΚΙΟΤΗ  |b ΛΙΤΣΑ  |z 2000/04/05